| 000 | 00776nam a22002177a 4500 | ||
|---|---|---|---|
| 999 |
_c233059 _d233059 |
||
| 003 | Nust | ||
| 005 | 20180117090024.0 | ||
| 008 | 170228b xxu||||| |||| 00| 0 eng d | ||
| 020 | _a007044398X | ||
| 040 | _c0 | ||
| 082 | _a651.74 | ||
| 100 | _aMurphy,Herta A. | ||
| 245 | _aEffective Business Communications | ||
| 250 | _a7th ed. | ||
| 260 |
_aNew Delhi : _bMcGraw-Hill, _c1997. |
||
| 300 |
_a619 p. ; _b23 cm. |
||
| 500 | _aPaperback. | ||
| 942 |
_cBK _2ddc |
||